zpět

Detail výsledku týmu

Spirit Bar - Žižkov, Praha

Datum a čas kvízu

24.5 Celkem bodů Celkový počet nahraných bodů na tomto kvízu bez doplňovacích otázek.
10. Pořadí na kvízu Konečné umístění týmu na tomto kvízu.

Zaznamenané odpovědi

# Otázka Odpověď Body Výsledky
1. Ve středu schválil Senát tři n... Daniela Zemanová, Josef Baxa, Jan Wintr 0
2. Britský inženýr Michael Wallhe... popelnici 0
3. O víkendu proběhl v Plzni hud... Metalfest (Open Air) 1
4. 56letý politik a advokát Zdeně... Hospodářská komora (ČR) 0
5. Ze kterého města pochází tým,... z Opavy 0
6. Pánové Svěrák, Smoljak a Cimrm... Václav IV. (Lucemburský) 1
7. Napište jméno českého národníh... Miroslav Tyrš 1
8. Nejstarší historiky doloženou... Drahomíra (ze Stodor) 0
9. Významní Češi získali od svého... C 0
10. Své místo v Českém nebi má tak... Koňský trh, Dobytčí trh 0.5